Landlords to London: the story of a capital and its growth (Record no. 97067)

MARC details
000 -LEADER
fixed length control field 00449cam a2200181 4500
001 - CONTROL NUMBER
control field D6114
008 - FIXED-LENGTH DATA ELEMENTS--GENERAL INFORMATION
fixed length control field 090401t1975 xxu||||| |||| 00| 0 eng d
035 ## - SYSTEM CONTROL NUMBER
System control number (Sirsi) u85709
041 ## - LANGUAGE CODE
Language code of text/sound track or separate title eng
050 ## - LIBRARY OF CONGRESS CALL NUMBER
Classification number 914.21
100 ## - MAIN ENTRY--PERSONAL NAME
Personal name Jenkins, Simon
245 ## - TITLE STATEMENT
Title Landlords to London: the story of a capital and its growth
260 ## - PUBLICATION, DISTRIBUTION, ETC.
Place of publication, distribution, etc. London
Name of publisher, distributor, etc. Constable
Date of publication, distribution, etc. 1975
300 ## - PHYSICAL DESCRIPTION
Extent ix. 310p. illus. 23cm
350 ## - PRICE (NR) (BK AM CF MU VM SE) [OBSOLETE]
Price 4.5
942 ## - ADDED ENTRY ELEMENTS (KOHA)
Suppress in OPAC 0
948 ## - LOCAL PROCESSING INFORMATION (OCLC); SERIES PART DESIGNATOR (RLIN)
c (OCLC) 04/03/1997
Holdings
Withdrawn status Lost status Source of classification or shelving scheme Damaged status Not for loan Home library Current library Shelving location Date acquired Cost, normal purchase price Total Checkouts Full call number Barcode Date last seen Date last checked out Copy number Cost, replacement price Price effective from Koha item type
    Dewey Decimal Classification     London London Books 14/09/1999 4.50 7 914.21 30021105 06/08/2019 10/01/2005 1 4.50 06/08/2019 Book